000 00426cam a2200181 4500
001 D12801
008 090401t1908 xxu||||| |||| 00| 0 eng d
035 _a(Sirsi) u5879
041 _aeng
100 _aGarnier, Russell M
245 _aHistory of the English landed interest. Volume 1
250 _a2nd
260 _bSwan Sonnenschein
_c1908
350 _a0
520 _aShelf 181
942 _n0
948 _c04/03/1997
999 _c86224
_d86224